サッカー日本代表100試合以上出場選手 - サドンデス - Statistics

General Stats
  • This quiz has been taken 149 times
  • The average score is 3 of 8
Answers on the Grid
Answers color-coded by a green-red scale on the quiz's grid according to % correct below.
三浦知良
三都主アレサンドロ
中村俊輔
中村憲剛
中澤佑二
中田英寿
井原正巳
今野泰幸
内田篤人
加地亮
原博実
原口元気
吉田麻也
名波浩
大久保嘉人
宮本恒靖
岡崎慎司
川口能活
川島永嗣
本田圭佑
柱谷哲二
楢崎正剛
玉田圭司
稲本潤一
遠藤保仁
都並敏史
酒井宏樹
釜本邦茂
長友佑都
長谷部誠
香川真司
駒野友一
 
Answer Stats
Answer % Correct
長友佑都
54%
吉田麻也
51%
中澤佑二
45%
遠藤保仁
44%
長谷部誠
35%
岡崎慎司
27%
井原正巳
21%
川口能活
20%
No matching quizzes found
Score Distribution
Percent of People with Each Score
Percentile by Number Answered
Your Score History
You have not taken this quiz